Estado empresario y privatización en Chile
Saved in:
| Main Authors: | , , , |
|---|---|
| Format: | Book |
| Language: | Spanish |
| Published: |
Santiago
Universidad Nacional Andrés Bello
1990
|
| Series: | Cuadernos Universitarios. Investigaciones, 2
|
| Subjects: | |
| Tags: |
Add Tag
No Tags, Be the first to tag this record!
|
MARC
| LEADER | 00000nam a2200000 a 4500 | ||
|---|---|---|---|
| 001 | UCO7646 | ||
| 003 | CL-VaPUC | ||
| 008 | 001117e19900000CL |||||||||||||||||spa|d | ||
| 082 | 0 | 4 | |a 338.983 |b ALE |2 21 |
| 100 | 0 | |a Ale Yarad, Jorge |e author |9 452265 | |
| 700 | 0 | |a Mallat Garcés, Gustavo |e author |9 452266 | |
| 700 | 0 | |a Ostúzar Feliú, Mónica |e author |9 452267 | |
| 700 | 0 | |a Videla Maluenda, Mirencho |e author |9 452268 | |
| 245 | 1 | 0 | |a Estado empresario y privatización en Chile |
| 300 | |a 403 p | ||
| 942 | |c BK | ||
| 945 | |d 20001117 00:00:00 |a crobeson | ||
| 260 | |a Santiago |b Universidad Nacional Andrés Bello |c 1990 | ||
| 500 | |a Donación del profesor Manfred Wilhelmy von Wolff | ||
| 650 | 7 | |a PRIVATIZACION |2 CL-VaPUC |9 258145 | |
| 650 | 0 | |a Empresas públicas |9 338439 | |
| 650 | 0 | |a Política económica |9 255029 | |
| 650 | 0 | |a Gestión pública |9 388888 | |
| 651 | 7 | |a CHILE |2 CL-VaPUC |9 452269 | |
| 583 | |a last modification |c 20001117 00:00:00 |k Rodrigo Vera | ||
| 490 | 0 | |a Cuadernos Universitarios. Investigaciones, 2 | |
| 999 | |c 292532 |d 292530 | ||
| 952 | |0 0 |1 0 |4 0 |6 338_983000000000000_ALE_1990 |7 0 |8 A |9 343454 |a BIBHIS |b BIBHIS |d 2019-11-20 |i 1229257 |o 338.983 ALE 1990 |p 1229257 |r 2025-01-20 |w 2019-11-20 |y BK |k HIS | ||